=LDR 00000nam 2200000 4500 =001 INLIS000000000014458 =005 20130612105733 =008 ***********************************Ind** =035 ##$$0010-061300000014458 =041 ##$$a Ind =082 ##$$a F 813 =090 ##$$a F 813, Far k =100 ##$$a Faried, Ahmad =245 ##$$a Keabadian cinta, Ahmad Faried =260 ##$$a 2004 $b Yogyakarta =300 ##$$a vii, 191 hlm, 19 cm =650 ##$$a Fiksi Indonesia =850 ##$$a NBPNMAT